Параллельная работа тиратронов с учетом влияния дополнительной э.д.с. от анодных делителей тока; Электронные ускорители

Bibliografiske detaljer
Parent link:Электронные ускорители.— 1964.— С. 241-243
Hovedforfatter: Кочегуров В. А. Владимир Александрович
Andre forfattere: Кузнецов В. М.
Sprog:russisk
Udgivet: 1964
Fag:
Format: MixedMaterials Book Chapter
KOHA link:https://koha.lib.tpu.ru/cgi-bin/koha/opac-detail.pl?biblionumber=175587

MARC

LEADER 00000naa2a2200000 4500
001 175587
005 20231031165122.0
035 |a (RuTPU)RU\TPU\book\190378 
035 |a RU\TPU\tpu\5557 
090 |a 175587 
100 |a 20100216d1964 k y0rusy50 ca 
101 0 |a rus 
102 |a RU 
200 1 |a Параллельная работа тиратронов с учетом влияния дополнительной э.д.с. от анодных делителей тока  |f В. А. Кочегуров, В. М. Кузнецов 
463 1 |0 (RuTPU)RU\TPU\book\101575  |t Электронные ускорители  |o труды IV межвузовской конференции по электронным ускорителям, 13-17 февраля 1961,Томск  |v С. 241-243  |d 1964  |p 559 с. 
610 1 |a электронные ускорители 
610 1 |a труды учёных ТПУ 
700 1 |a Кочегуров  |b В. А.  |c математик  |c профессор Томского политехнического университета  |f 1931-  |g Владимир Александрович  |2 stltpush  |3 (RuTPU)RU\TPU\pers\13833 
701 1 |a Кузнецов  |b В. М. 
801 0 |a RU  |b 63413507  |c 20011210  |g PSBO 
801 2 |a RU  |b 63413507  |c 20130325  |g PSBO 
942 |c BK